000 01199nam a2200325 c 4500
999 _c185323
_d185323
003 BLK
005 20240227005324.0
008 180411b bul|||||r ||||||| ||bul||
010 _aKNG00194316000
040 _aBLK
041 _aBUL
_cBUL
080 _aБългарска литература
_b821.163.2
_x-32
_z821.163.2-32
100 _aЖотев, Добри
_gПоет, писател.
_d1921-1997
_qДимитров, Добри Александров
_9251874
139 _aЖотев, Добри
_bЖ 77
245 1 0 _aДуша человеческа
_b[Хуморист. разкази]
_cДобри Жотев; ил. Карандаш.
257 _aBGR
260 _aСофия
_bв. Стършел
_c1979
300 _a64 с.
_bс ил.
_c16 см
380 _aX
490 _aБиблиотека Стършел
_v277
_9205087
500 _a35 100 тир.
700 1 _aКарандаш
_eил.
_gЦеков, Цветан Иванов
_976792
852 _aЦб I 17471
856 4 _qpdf
856 4 _qpdf
942 _cKNG
_n0
_s1
944 _aCR
_c24.10.2016
_k
_lCRON CRON
944 _aED
_c24.10.2016
_kВаля_Йорданова
999 _d185323